000 01019nas a2200313 i 4500
001 1040
003 ES-MaACL
005 20250406063045.0
007 t|
008 950801c1987 sp a| | 1 ||pa d
022 _a0214-0896
040 _aES-MaACL
_cES-MaACL
080 _a504
245 0 0 _aEcología /
_cMinisterio de Agricultura, Pesca y Alimentación, ICONA.
260 _aMadrid :
_bICONA,
_c1987-
300 _a12 v. ;
_c24 cm.
310 _aAnual
362 0 _aN. 1 (1987)-
650 1 4 _aMedio ambiente.
_914947
655 7 _2tgfbne
_9226866
_aRevistas
710 2 _aInstituto Nacional para la Conservación de la Naturaleza (España)
_95197
780 0 0 _aBoletín de la Estación Central de Ecología
_0431
_w431
852 _aES-MaACL
_jHem-1829
856 _uhttps://dialnet.unirioja.es/servlet/revista?codigo=441
_ySumarios de la revista en Dialnet
866 0 _o1987-88,1990-2010.
942 _2udc
_cPERIODICA
955 _bInmaculada Vicente García
999 _c1040
_d1040